Vplyv technológie na antioxidačné vlastnosti vína bakalárska práca CD

Gespeichert in:
Bibliographische Detailangaben
1. Verfasser: Petríková, Radka
Format: Software Buch
Sprache:Slowakisch
Veröffentlicht: Bratislava STU FCHPT 2013
Online-Zugang:Im OPAC anzeigen
Tags: Tag hinzufügen
Keine Tags, Fügen Sie das erste Tag hinzu!

MARC

LEADER 00000nam a2200000 a 4500
005 20260127134035.0
007 co ugu
008 130912 2013 000 0 slo d
035 |a vtls010542921 
039 9 |y 201309121340  |z mschk03 
040 |a STUSCHK1  |b slo  |c STUSCHK1  |e AACR2 
100 1 |a Petríková, Radka 
245 1 |a Vplyv technológie na antioxidačné vlastnosti vína  |b bakalárska práca CD  |c Radka Petríková 
260 |a Bratislava  |b STU FCHPT  |c 2013 
300 |a 1 optický disk 
500 |a Obhájené: 19.08.2013 
500 |a Štud. program: B-BIOPOT 
500 |a Štud. odbor: Biotechnológie 
500 |a Škol. pracovisko: Odd. biochemickej technológie 
500 |a Evid. číslo: FCHPT-13567-44187 
910 |a SCHK95 
999 |c 2689  |d 2689